000 01937cam a22004214i 4500
003 PE-LiUPU
005 20250731173244.0
008 150625s r 000 0 d
035 _a(Sirsi) a35400
040 _aPE-LiUPU
_bspa
_cPE-LiUPU
_erda
082 0 4 _a232.904
_bT47
_221
100 1 _aThivollier, Pierre,
_eautor.
245 1 0 _aJesus Camino Verdad y Vida /
_cPierre Thivollier.
264 1 _aLima :
_bEdiciones Paulinas,
_c1987.
300 _a478 páginas :
_bDibujos ;
_c20.5 cm.
336 _atext
_2rdacontent
337 _aunmediated
_2rdamedia
338 _avolume
_2rdacarrier
505 0 _aCapítulo I: -El Misterio mensajero del Templo. -La buena noticia en marcha. Capítulo II: -El pueblo judío bajo la ocupación romana. -El hombre del desierto. Capítulo III:- En el brocal del pozo. -Un primer paso prometedor. Capítulo IV:- En la piscina de 'La Fosa'. -Los partidarios del golpe de estado. Capítulo V: -El más fuerte y Hábil de los dos. -Una lección de cortesía. Capítulo VI: -Triunfo popular del príncipe de la paz. -La higuera estéril. -La piedra en que uno tropieza y que lo aplasta. Capítulo VII: -El jardín del temor. -El arresto. Capítulo VIII: -La aurora de Pascua. -Cómo hechar tierra a un asunto incómodo.
526 _aSEG42
526 _aSEG41
526 _aSEG40
526 _aSEG39
526 _aP94
526 _aP87
526 _aP86
526 _aP85
526 _aP77
526 _aP76
526 _aP35
600 1 _aJesucristo
910 _a
942 _2ddc
_cBOOK
949 _a232.904 T47
_wDEWEY
_c1
_i37152
_lCCODEBUL1
_mBUL
_p00.00
_r0
_sY
_tBOOK
_u2015-06-25
_xBIBLIOTECA
_zUNKNOWN
_0COMPRA
_o.STAFF. Colección General
596 _a1
999 _a232.904 T47
_wDEWEY
_c43361
_i37152
_f2021-11-11
_g5
_lCCODEBUL1
_mBUL
_r0
_sY
_tBOOK
_u2015-6-25
_xTEOLOGIA
_zUNKNOWN
_0COMPRA
_o.STAFF. Colección General
_d43361
980 _81
_gALBERTO SANCHEZ Responsable de Automatización